Kommunikációs csatornák egy autógyárban
| Main Author: | |
|---|---|
| Other Authors: | |
| Format: | Final Paper |
| Kulcsszavak: | Kommunikáció Autógyár Csatorna |
| Online Access: | http://dolgozattar.uni-bge.hu/15524 |
MARC
| LEADER | 00000nta a2200000 i 4500 | ||
|---|---|---|---|
| 001 | dolg15524 | ||
| 005 | 20200323123251.0 | ||
| 008 | 180505suuuu hu o 000 hun d | ||
| 040 | |a BGE Dolgozattár Repozitórium |b hun | ||
| 041 | |a hu | ||
| 100 | 1 | |a Szóda Tamás Krisztián | |
| 245 | 1 | 0 | |a Kommunikációs csatornák egy autógyárban |c Szóda Tamás Krisztián |h [elektronikus dokumentum] |
| 246 | 1 | 1 | |a Kommunikációs csatornák egy autógyárban |
| 246 | 1 | 1 | |a Communication channels in a car factory |
| 516 | |a Final_paper | ||
| 520 | 3 | |a Kommunikációs csatornák egy autógyárban | |
| 695 | |a Kommunikáció | ||
| 695 | |a Autógyár | ||
| 695 | |a Csatorna | ||
| 700 | 1 | |a Krasztev Dr. Péter |e ths | |
| 856 | 4 | 0 | |u http://dolgozattar.uni-bge.hu/15524/1/Z%C3%A1r%C3%B3dolgozat_Sz%C3%B3da%20Tam%C3%A1s%20Kriszti%C3%A1n.pdf |z Dokumentum-elérés |